| 000 | 00447 a2200169 4500 | ||
|---|---|---|---|
| 001 | 75416 | ||
| 005 | 20260127144631.0 | ||
| 010 | _a978-989-648-862-8 | ||
| 090 | _a75416 | ||
| 100 | _a20260127d2017 c||y0pory50 ba | ||
| 200 |
_aMartine anda de bicicleta _fGilbert Delahaye _gMarcel Marlier |
||
| 205 | _a1®ed | ||
| 210 |
_aLisboa _cZero a oito _d2017 |
||
| 215 | _a21p. | ||
| 675 |
_a82 _v1®ed |
||
| 702 |
_aMarlier _bMarcel _f1930-2011 _4440 _929823 |
||
| 942 |
_cMON _n0 |
||